LEADER 00848nam0 2200265 450 001 000016649 005 20080929135622.0 010 $a978-88-7589-218-0 100 $a20080929d2007----km-y0itay50------ba 101 0 $aita 102 $aIT 105 $ay-------001yy 200 1 $a<>patti parasociali$edisciplina, giurisprudenza e clausole$fEdoardo Adducci 210 $aMatelica$cHalley$dstampa 2007 215 $a300 p.$d24 cm 225 2 $aDiritto commerciale professionisti 410 0$12001$aDiritto commerciale professionisti 610 1 $aSocietà $aPatti parasociali 676 $a346.06$v20 700 1$aAdducci,$bEdoardo$0502776 801 0$aIT$bUNIPARTHENOPE$c20080929$gRICA$2UNIMARC 912 $a000016649 951 $a346-P/13$b40620$cNAVA1$d2008 996 $aPatti parasociali$91201883 997 $aUNIPARTHENOPE